Оценка стабильности процесса РДС; Прогрессивные технологии и экономика в машиностроении

Dades bibliogràfiques
Parent link:Прогрессивные технологии и экономика в машиностроении.— 2024.— С. 19-21
Autor principal: Беляев С. Е.
Autor corporatiu: Национальный исследовательский Томский политехнический университет
Altres autors: Яркова А. А. (научный руководитель), Ильященко Д. П. Дмитрий Павлович
Sumari:В статье произведена оценка параметров капель переноса электродного металла при дуговой сварке в зависимости от энергетических характеристик источника питания
The article evaluates the parameters of electrode metal transfer droplets during arc welding depending on the energy characteristics of the power source
Текстовый файл
Idioma:rus
Publicat: 2024
Col·lecció:Современные промышленные технологии
Matèries:
Accés en línia:http://earchive.tpu.ru/handle/11683/80286
Format: MixedMaterials Electrònic Capítol de llibre
KOHA link:https://koha.lib.tpu.ru/cgi-bin/koha/opac-detail.pl?biblionumber=672954

MARC

LEADER 00000naa2a2200000 4500
001 672954
005 20240723093832.0
090 |a 672954 
100 |a 20240606d2024 k||y0rusy50 ca 
101 0 |a rus 
102 |a RU 
135 |a drcn ---uucaa 
200 1 |a Оценка стабильности процесса РДС  |f С. Е. Беляев, А. А. Яркова  |g науч. рук. Д. П. Ильященко ; Национальный исследовательский Томский политехнический университет 
225 1 |a Современные промышленные технологии 
283 |2 RDAcarrier 
320 |a Список использованных источников: 5 назв. 
330 |a В статье произведена оценка параметров капель переноса электродного металла при дуговой сварке в зависимости от энергетических характеристик источника питания 
330 |a The article evaluates the parameters of electrode metal transfer droplets during arc welding depending on the energy characteristics of the power source 
336 |a Текстовый файл 
463 1 |0 672887  |9 672887  |c Томск  |d 2024  |n Изд-во ТПУ  |t Прогрессивные технологии и экономика в машиностроении  |o сборник трудов XV Всероссийской научно-практической конференции для студентов и учащейся молодежи, г. Юрга, 11–13 апреля 2024 г.  |a Солодский, С. А. (специалист в области экологии и безопасности жизнедеятельности ; 1980-)  |u conference_tpu-2024-C57.pdf  |v С. 19-21  |p 1 файл (5,61 Мб, 263 с.) 
610 1 |a труды учёных ТПУ 
610 1 |a электронный ресурс 
610 1 |a дуговая сварка 
610 1 |a покрытый электрод 
610 1 |a источники питания 
700 1 |a Беляев  |b С. Е. 
701 1 |a Яркова  |b А. А.  
702 1 |a Ильященко  |b Д. П.  |c специалист в области сварочного производства  |c доцент Юргинского технологического института (филиала) Томского политехнического университета, кандидат технических наук  |f 1980-  |g Дмитрий Павлович  |4 727 
712 0 2 |a Национальный исследовательский Томский политехнический университет  |c (2009- )  |9 26305 
801 0 |a RU  |b 63413507  |c 20240606 
850 |a 63413507 
856 4 |u http://earchive.tpu.ru/handle/11683/80286  |z http://earchive.tpu.ru/handle/11683/80286 
942 |c CF